Bizirik eta urruti dagoenaren oroitzapena : erakusketa = Recuerdos de lo vivo lejano : exposición / dirección, selección y documentación de imágenes: Marimar Masedo Arribas erakusketa = Recuerdos de lo vivo lejano :
MARC
| LEADER | 00000nam a2200000Ia 4500 | ||
|---|---|---|---|
| 001 | 20658 | ||
| 003 | BGR | ||
| 005 | 20260324175714.0 | ||
| 008 | 160829s2008 xx 000 0 cat d | ||
| 020 | |a 978-84-7821-714-4 | ||
| 080 | |a A-2-325 | ||
| 245 | |a Bizirik eta urruti dagoenaren oroitzapena : |b erakusketa = Recuerdos de lo vivo lejano : |b exposición / dirección, selección y documentación de imágenes: |b Marimar Masedo Arribas | ||
| 260 | |a Vitoria-Gasteiz : |b Departamento de Euskera, Cultura y Deportes, Diputación Floral de Álava, |c 2008 | ||
| 300 | |a 108 p. : |b fot. ; |c 23 cm | ||
| 650 | |a Archivo del Territorio Histórico de Álava |x Exposicions |9 38566 | ||
| 650 | |a Fotografia |x Exposicions |9 28960 | ||
| 700 | |a Masedo Arribas, Marimar, dir. |9 38567 | ||
| 710 | 1 | |a Àlaba (País Basc). |b Diputación Foral |9 54505 | |
| 710 | 1 | |a Vitòria. Euskara, Kultura eta Kirol Salia |9 70488 | |
| 710 | 1 | |a Archivo del Territorio Histórico de Álava |9 70489 | |
| 901 | |a Arxiu | ||
| 942 | |n 1 |2 udc |c MON | ||
| 952 | |0 0 |1 0 |4 0 |6 A2325 |7 1 |9 48475 |a Arxiu |b Arxiu |d 2016-12-01 |l 0 |o A-2-325 |p 20658 |r 2016-12-01 00:00:00 |w 2016-12-01 |y ARXIU | ||
| 999 | |c 52304 |d 52304 | ||